STN EN 15493: 2021 (94 5222), Sviečky. Požiadavky na protipožiarnu bezpečnosť
Táto norma je slovenskou verziou európskej normy EN 15493: 2019. Preklad zabezpečil Úrad pre normalizáciu, metrológiu a skúšobníctvo Slovenskej republiky. Táto norma má rovnaké postavenie, ako majú oficiálne verzie
| Other Authors: | |
|---|---|
| Format: | Book |
| Language: | Slovak English |
| PhysicalDescription: | 16 s. obr., tab. 30 cm |
| Published: |
Bratislava
Úrad pre normalizáciu, metrológiu a skúšobníctvo Slovenskej republiky
2021
|
| Subjects: |
MARC
| LEADER | 00000cam a2200000 a 4500 | ||
|---|---|---|---|
| 001 | vtls012061048 | ||
| 003 | SK-MaSNL | ||
| 005 | 20260301055429.0 | ||
| 008 | 210707s2021 xo a f u 000 0 slo | ||
| 015 | |a SNBN2021 | ||
| 040 | |a SNK |b slo |c SNK |e AACR2 | ||
| 041 | 1 | |a slo |h eng | |
| 044 | |a xo |c SK | ||
| 046 | |a s |m 20210101 (účin.) | ||
| 072 | 7 | |a 665 |x Oleje. Tuky. Vosky. Spojivá. Živice |2 konspekt | |
| 072 | 7 | |a 614.84 |x Požiare. Ochrana pred požiarmi |2 konspekt | |
| 072 | 7 | |a 614.84 |2 2011 | |
| 080 | |a 665.15/.18 |2 2001 | ||
| 080 | |a 006.7/.8 |2 2011 | ||
| 080 | |a (437.6) |2 2011 | ||
| 080 | |a (4) |2 2011 | ||
| 084 | |a 71.100.99 |2 ICS | ||
| 130 | 0 | |a STN 94 5222 (STN EN 15493) |9 369033 | |
| 245 | 1 | 0 | |a STN EN 15493: 2021 (94 5222), Sviečky. Požiadavky na protipožiarnu bezpečnosť |
| 246 | 1 | 0 | |a Sviečky |
| 246 | 1 | 0 | |a Požiadavky na protipožiarnu bezpečnosť |
| 246 | 3 | 0 | |a EN 15493: 2019 |
| 260 | |a Bratislava |b Úrad pre normalizáciu, metrológiu a skúšobníctvo Slovenskej republiky |c 2021 | ||
| 300 | |a 16 s. |b obr., tab. |c 30 cm | ||
| 500 | |a Súbežný názov v angličtine, francúzštine, nemčine | ||
| 500 | |a Spracovateľ: Jana Krajčovičová, Bratislava | ||
| 500 | |a Táto norma nahrádza anglickú verziu STN EN 15493 z apríla 2020, ktorá od 1.4. 2020 nahradila STN EN 15493 z júna 2008 v celom rozsahu | ||
| 504 | |a Normatívne referenčné dokumenty, súvisiace právne predpisy s. 2 ; literatúra s. 14 | ||
| 520 | 8 | |a Táto norma je slovenskou verziou európskej normy EN 15493: 2019. Preklad zabezpečil Úrad pre normalizáciu, metrológiu a skúšobníctvo Slovenskej republiky. Táto norma má rovnaké postavenie, ako majú oficiálne verzie | |
| 540 | |a STN vydané na akomkoľvek nosiči sa môžu rozmnožovať a rozširovať iba so súhlasom určenej právnickej osoby |b SÚTN Bratislava |c zákon 60/2018 Z. z. | ||
| 650 | 0 | 7 | |a sviečky |2 SNKPH |9 30405 |
| 650 | 0 | 7 | |a technické normy a štandardy |z Slovensko |2 SNKPH |9 79594 |
| 650 | 0 | 7 | |a technické normy a štandardy |z krajiny Európskej únie |2 SNKPH |9 289341 |
| 650 | 0 | 7 | |a Candles |2 SNKPHeng |9 369034 |
| 650 | 0 | 7 | |a Fire safety |2 SNKPHeng |9 276237 |
| 650 | 0 | 7 | |a požiarna bezpečnosť |2 SNKPH |9 1503 |
| 655 | 7 | |a normy |2 SNKPH |9 70643 | |
| 700 | 1 | |a Krajčovičová, Jana |4 trl |9 7157 | |
| 710 | 1 | |a Slovensko. |b Úrad pre normalizáciu, metrológiu a skúšobníctvo |4 stn |9 158117 | |
| 710 | 2 | |a Slovenský ústav technickej normalizácie |4 stn |9 32706 | |
| 852 | |a Štátna vedecká knižnica v Banskej Bystrici | ||
| 958 | |a OP | ||
| 958 | |a NB | ||
| 999 | |c 613335 |d 615265 | ||
| 952 | |a SNK |b SNK |y PREZ |7 0 |p 17A1467786 |o snkSTN EN 15493 |i snk2021/18897 |8 0 |0 0 |1 0 |4 0 |d 2021-11-23 |l 0 |r 2026-02-23 16:29:59 |w 2026-02-23 | ||
| 952 | |a SNK |b SNK |y PREZ |7 0 |p 17A1467785 |o snkSTN EN 15493 D1 |i snk2021/18899 |8 0 |0 0 |1 0 |4 0 |d 2021-11-23 |l 0 |r 2026-02-23 16:29:59 |w 2026-02-23 | ||


